000 00395nam a22001217a 4500
999 _c516012
_d516012
082 _aTNC O35 Su46
100 _aSukhabodhananda, Swami
_922296
245 _aLooking at life differently :
_bMinimising tensions maximising effectiveness
_cby Swami Sukhabodhananda
260 _aBangalore
_bPrasanna Trust
_c2003
300 _a230p.
650 _aMeditation
_923489
650 _aHindu meditations
_923490